Hypotekárne úvery

Problémy hypotekárneho bankovníctva v SR. Teoretické vymedzenie pojmov hypotekárne prostredie, hypotekárne banky, bankové produkty. Rozdiely medzi podnikateľským a hypotekárnym úverom. Hypotekárny leasing ako služba pre podnikateľov.

Saved in:
Bibliographic Details
Main Author: Giller, Pavol
Format: Book
Language:Slovak
Subjects:
Tags: Add Tag
No Tags, Be the first to tag this record!

MARC

LEADER 00000nam a2200000 4500
001 r031204
005 20230825080837.2
041 0 |a slo 
044 |a SK 
245 1 0 |a Hypotekárne úvery  |c Pavol Giller 
520 |a Problémy hypotekárneho bankovníctva v SR. Teoretické vymedzenie pojmov hypotekárne prostredie, hypotekárne banky, bankové produkty. Rozdiely medzi podnikateľským a hypotekárnym úverom. Hypotekárny leasing ako služba pre podnikateľov. 
610 2 0 |a banky hypotekárne 
610 2 0 |a úver hypotekárny 
610 2 0 |a úver bankový 
610 2 0 |a nehnuteľnosti 
610 2 0 |a listy záložné 
610 2 0 |a trh finančný 
610 2 0 |a lízing 
610 2 0 |a Slovensko 
100 1 |a Giller, Pavol